000 00599nam a22002537a 4500
003 UA-OsUOA
001 24433
007 ta
008 20040218b un ||||| |||| 00| 0 ukr d
100 _aОуглтри Терри
090 _a004.45
_bО-90
942 _cBK
040 _aUA-OsUOA
_brus
_cUA-OsUOA
_dUA-OsUOA
245 _aMicrosoft Windows XP
300 _a848 с.
_bІлюстрації
955 _a0
041 _arus
080 _a004.45
020 _a5-93772-091-1
260 _aСПб
_bООО "ДиаСофтЮП"
_c2003
044 _aRU
650 7 _2UDC
999 _c310704
_d310704